90 - Né(es) un 31 mars - Statistiques

Statistiques générales
  • Ce quiz a été pris 10 fois
  • Le résultat moyen est 5 sur 12
Statistiques - réponses
Hint Année de naissance Réponse % Correct
Philosophe français. Connu pour son "Je pense, donc je suis". 1596 René Descartes
100%
Compositeur allemand. Connu pour "Toccata et fugue en ré mineur" (entre 1703 et 1707), "Air" (vers 1720), "Concertos brandebourgeois" (1721), "Le Clavier bien tempéré" (1722 et 1744), "Passion selon saint Jean" (1723), "Passion selon saint Matthieu" (1729), "Messe en si mineur" (1733 à 1749), "Variations Goldberg" (1742), "L'Art de la fugue" (1742 à 1750), "L'Offrande musicale" (1747). 1685 Jean-Sébastien Bach
89%
Roi de France de 1547 à 1559. Meurt des suites d'un accident lors d'un tournoi. 1519 Henri II
56%
Vice-président des États-Unis de 1993 à 2001. Prix Nobel de la paix en 2007. 1948 Al Gore
44%
Géochimiste de formation devenu ministre de l'Éducation Nationale de 1997 à 2000. 1937 Claude Allègre
44%
Acteur britannico-américain. Vu dans "Petits meurtres entre amis", "Trainspotting", "Star Wars", "Moulin Rouge !", "The Ghost Writer". 1971 Ewan McGregor
44%
Acteur américain. Vu dans "Les Oiseaux de cachent pour mourir" et "La Tour infernale". 1934 Richard Chamberlain
44%
Pape de l'Église catholique de 1559 à 1565. Son nom est associé à la clôture du concile de Trente. 1499 Pie IV|Jean-Ange Medici
22%
Rédacteur en chef de "Je suis partout" et collaborateur français. Fusillé en 1945. 1909 Robert Brasillach
22%
Fondateur des Ballets russes. Il programma Nikolaï Rimski-Korsakov à plusieurs reprises. 1872 Serge de Diaghilev
22%
Roi du Danemark et de Norvège de 1746 à 1766. 1723 Frédéric V
11%
Homme politique français. Trois fois président du Conseil sous la IVe République. En mai 1958, il s'oppose au retour de De Gaulle et appelle à voter contre le projet de constitution de la Ve République en septembre 1958. 1884 Henri Queuille
11%
Aucun quiz correspondant
Distribution des résultats
% des personnes avec chaque résultat
Percentile par nombre de réponses
Votre historique - résultats
Vous n’avez pas pris ce quiz